00538cam a22001574a 4500020003500000040000800035082002600043245007600069260005500145300002800200650002000228650002400248650001600272700003300288856005900321 a1588263797 (pbk. : alk. paper) cDLC00a320 LYN 2006 A019 Or.00aEast Africa and the Horn :bconfronting challenges to good governance / aBoulder, Colo. :bLynne Rienner Publishers,c2006. a164 p. :bmap ;c23 cm. 0aDemocratization 0aConflict management 0aGun control1 aBekoe, Dorina Akosua Oduraa.41uhttp://www.loc.gov/catdir/toc/ecip0515/2005018303.html